| 000 | 00615nam a2200169 i 4500 | ||
|---|---|---|---|
| 001 | 24487 | ||
| 003 | ES-MaACL | ||
| 005 | 20230906153046.0 | ||
| 007 | t| | ||
| 008 | 021217s1906 sp ||||1| spa d | ||
| 100 | 1 |
_aApaolaza y Azcárate, Francisco. _922038 |
|
| 245 | 1 | 0 |
_aPeritonitis tuberculosa crónica de la segunda infancia _b: memoria del doctorado / _cFrancisco Apaolaza y Azcárate. |
| 260 |
_aVergara : _b[s.n.], _c1906 ( _fTip. de El Santisimo Rosario) |
||
| 300 |
_a38 p. ; _c21 cm. |
||
| 594 | _aPrecede al tit.: Facultad de Medicina de Madrid. Memoria del Doctorado. | ||
| 852 |
_aES-MaACL _jT-1136-F-9 |
||
| 999 |
_c24487 _d24487 |
||